=LDR 00000nam 2200000 4500 =001 INLIS000000000002025 =005 20130612090408 =008 ***********************************Ind** =035 ##$$0010-061300000002025 =041 ##$$a Ind =082 ##$$a 613.71 =090 ##$$a 613.71, Ura l =100 ##$$a Uram,Paul =245 ##$$a Latihan pergangan, Paul Uram;alih bahasa,Iskandar Z.A =260 ##$$a 1986 $b Akademi Pressindo =300 ##$$a vii,123 hlm, ilus, 20 cm =650 ##$$a Senam-Kesehatan =700 ##$$a Iskandar,Z.A =850 ##$$a NBPNMAT